The phunny pharm : (Record no. 4473)
[ view plain ]
| 000 -LEADER | |
|---|---|
| fixed length control field | 00880pam a2200241 a 4500 |
| 001 - CONTROL NUMBER | |
| control field | 1163147 |
| 005 - DATE AND TIME OF LATEST TRANSACTION | |
| control field | 20250303100734.0 |
| 008 - FIXED-LENGTH DATA ELEMENTS--GENERAL INFORMATION | |
| fixed length control field | 960722s1997 paua 001 0 eng c |
| 020 ## - INTERNATIONAL STANDARD BOOK NUMBER | |
| International Standard Book Number | 1560531142 (alk. paper) |
| 050 10 - LIBRARY OF CONGRESS CALL NUMBER | |
| Classification number | RM301.14 |
| Item number | .R45 1997 |
| 082 00 - DEWEY DECIMAL CLASSIFICATION NUMBER | |
| Classification number | 615/.1 |
| Edition information | 20 |
| 100 1# - MAIN ENTRY--PERSONAL NAME | |
| Personal name | Reidhead, C. Ty, |
| Dates associated with a name | 1968- |
| 245 14 - TITLE STATEMENT | |
| Title | The phunny pharm : |
| Remainder of title | the ultimate pharmacology study guide / |
| Statement of responsibility, etc. | by C. Ty Reidhead ; with illustrations by Michelle Van Santen. |
| 260 ## - PUBLICATION, DISTRIBUTION, ETC. | |
| Place of publication, distribution, etc. | Philadelphia : |
| Name of publisher, distributor, etc. | Hanley & Belfus ; |
| Place of publication, distribution, etc. | St. Louis : |
| Name of publisher, distributor, etc. | North American and worldwide sales and distribution, Mosby, |
| Date of publication, distribution, etc. | c1997. |
| 300 ## - PHYSICAL DESCRIPTION | |
| Extent | x, 207 p. : |
| Other physical details | ill. ; |
| Dimensions | 28 cm. |
| 500 ## - GENERAL NOTE | |
| General note | Includes index. |
| 650 #0 - SUBJECT ADDED ENTRY--TOPICAL TERM | |
| Topical term or geographic name entry element | Drugs |
| General subdivision | Outlines, syllabi, etc. |
| 650 #0 - SUBJECT ADDED ENTRY--TOPICAL TERM | |
| Topical term or geographic name entry element | Pharmacology |
| General subdivision | Outlines, syllabi, etc. |
| 650 #0 - SUBJECT ADDED ENTRY--TOPICAL TERM | |
| Topical term or geographic name entry element | Mnemonics. |
| 650 12 - SUBJECT ADDED ENTRY--TOPICAL TERM | |
| Topical term or geographic name entry element | Drugs |
| General subdivision | terminology. |
| 650 22 - SUBJECT ADDED ENTRY--TOPICAL TERM | |
| Topical term or geographic name entry element | Pharmacology |
| General subdivision | terminology. |
| 942 ## - ADDED ENTRY ELEMENTS (KOHA) | |
| Source of classification or shelving scheme | Library of Congress Classification |
| Koha item type | Books |
| Suppress in OPAC | No |
| 999 ## - | |
| -- | 4473 |
| -- | 4473 |
| Withdrawn status | Lost status | Source of classification or shelving scheme | Damaged status | Not for loan | Collection | Home library | Current library | Shelving location | Date acquired | Total checkouts | Full call number | Barcode | Date last seen | Copy number | Price effective from | Koha item type |
|---|---|---|---|---|---|---|---|---|---|---|---|---|---|---|---|---|
| Library of Congress Classification | Non-fiction | Science Library (Miotso) | Science Library (Miotso) | General stacks | 03/03/2025 | RM301.14 .R45 REI | SLM00004216 | 03/03/2025 | 1 | 03/03/2025 | Books |